| 000 | 00492nam a2200169Ia 4500 | ||
|---|---|---|---|
| 003 | IN-BaIIA | ||
| 008 | 211028s9999 xx 000 0 eng d | ||
| 040 | _cIIA Library | ||
| 080 |
_a523.68 _bHEI |
||
| 100 |
_aHeide, Fritz _94156 |
||
| 245 | 0 |
_aMeteorities _c Fritz Heide |
|
| 260 |
_aChicago _bUniversity of Chicago Press _c1964 |
||
| 300 | _ax, 144p. | ||
| 490 | _aPhonix science series; no. 522 | ||
| 650 |
_aMeteorities _94157 |
||
| 942 | _cBK | ||
| 999 |
_c2323 _d2323 |
||